00807nam a2200265Ia 4500008004100000020001500041050000800056050001600064100002700080245003100107245006000138260001400198260003600212260000900248300001400257300002000271300001100291440002900302650001300331650001300344650003500357650002200392999001900414952010800433160319s9999 xx 000 0 und d a9716300395 aFic b.B638p 1996 aBlanco, Marivi Soliven 4aThe pillowcase cat caper / cby Marivi Soliven Blanco ; pictures by Remus San Diego. aManila :  bTahanan Books for Young Readers c1996 a64 pages; billustrations : c20 cm. aA Jenny and Jay Mystery. aCats --  aFantasy. aMystery and detective stories. xJuvenile fiction. c292058d292058 001040aSSISBbSSISBcGSd2016-03-19l0oFic .B638p 1996pLS-1013r2016-03-19 00:00:00w2016-03-19yBK